Matemática : metodología de la enseñanza /
Guardado en:
| Autor Principal: | |
|---|---|
| Otros Autores: | , |
| Formato: | Libro |
| Publicado: |
Buenos Aires :
Conicet,
1996
|
| Series: | Pro Ciencia
|
| Materias: | |
| Etiquetas: |
Agregar Etiqueta
Sin Etiquetas, Sea el primero en etiquetar este registro!
|
| LEADER | 01312nam a22003015a 4500 | ||
|---|---|---|---|
| 001 | CEM.cems009577 | ||
| 005 | 20080828113135.0 | ||
| 008 | 130507s1996##################000#0#####d | ||
| 003 | CEMS | ||
| 020 | |a 9506870004 | ||
| 082 | 0 | 4 | |a 372.7 |
| 100 | 1 | |a Varela, Leopoldo N. | |
| 245 | 1 | 0 | |a Matemática : |b metodología de la enseñanza / |c Leopoldo N. Varela, María Josefa Guasco, Aurora Gerompini de Romero |
| 260 | |a Buenos Aires : |b Conicet, |c 1996 | ||
| 300 | |a 195 p. | ||
| 490 | 0 | |a Pro Ciencia | |
| 500 | |a Red Federal de Formación Docente Continuaprograma de Perfeccionamiento Docente | ||
| 505 | 0 | |a La enseñanza de la matemática de los babilonios a hoy -- Cómo planificar nuestro trabajo? -- Del diagnóstico inicial a la evaluación de síntesis -- Cómo elegir las estrategias? -- Cómo promover actitudes positivas? | |
| 653 | |a Matemática | ||
| 653 | |a Didáctica de la matemática | ||
| 653 | |a Matemática- didáctica | ||
| 653 | |a Matemática-ejercicios | ||
| 700 | 1 | |a Guasco, María Josefa | |
| 700 | 1 | |a Gerompini de Romero, Aurora | |
| 859 | |a CEMS |b BIB. CEMS - 11 de abril |h 372.7 |i V423 |p 19401.97 |t Ej.1 |v I |3 I | ||
| 859 | |a CEMS |b BIB. CEMS - 11 de abril |h 372.7 |i V423 |p 19402.97 |t Ej.2 |v I |3 I | ||
| 859 | |a CEMS |b BIB. CEMS - 11 de abril |h 372.7 |i V423 |p 19403.97 |t Ej.3 |v I |3 I | ||
| 859 | |a CEMS |b BIB. CEMS | ||
